Finales du Championnat de France de Volley (depuis 2001) - Statistiques

Statistiques générales
  • Ce quiz a été pris 81 fois
  • Le résultat moyen est 7 sur 10
Statistiques - réponses
Réponse % Correct
Paris Volley
95%
Tours VB
90%
Montpellier HSCVB
78%
Spacer's Toulouse
73%
AS Cannes
71%
Tourcoing LM
68%
Chaumont VB 52
66%
Saint-Nazaire VBA
64%
Stade Poitevin
51%
Arago de Sète
47%
Aucun quiz correspondant
Distribution des résultats
% des personnes avec chaque résultat
Percentile par nombre de réponses
Votre historique - résultats
Vous n’avez pas pris ce quiz